| 000 | 00496nam a2200205Ia 4500 | ||
|---|---|---|---|
| 008 | 170918s9999 xx 000 0 und d | ||
| 020 | _a9780545231442 | ||
| 050 | _bB852 2012 | ||
| 100 | _aBridwell, Norman | ||
| 245 | _aClifford sees America / | ||
| 245 | _cby Norman Bridwell. | ||
| 260 | _aNew York : | ||
| 260 | _bScholastic, | ||
| 260 | _c2012 | ||
| 300 | _aunpaged : | ||
| 300 | _bcolored illustration ; | ||
| 300 | _c22cm. | ||
| 300 | _eClifford big red dog. | ||
| 500 | _a220 | ||
| 999 |
_c343197 _d343197 |
||